Budování státu podle Fukuyamy

Gespeichert in:
Bibliographische Detailangaben
1. Verfasser: Fukuyama, Francis
Format: Buch
Sprache:Tschechisch
Veröffentlicht: Praha Alfa Publishing 2004
Schriftenreihe:Extra
Schlagworte:
Tags: Tag hinzufügen
Keine Tags, Fügen Sie das erste Tag hinzu!

MARC

LEADER 00000nam$a2200000$$$4500
001 0035433
005 20240306141319.4
020 |a 80-86851-09-5 
041 0 |a cze 
044 |a CZ 
245 1 0 |a Budování státu podle Fukuyamy  |c Francis Fukuyama 
264 1 |a Praha  |b Alfa Publishing  |c 2004 
300 |a 129 s. 
490 1 |a Extra 
830 0 |a Extra 
610 2 0 |a štát 
610 2 0 |a správa štátna 
610 2 0 |a zvrchovanosť 
610 2 0 |a politika svetová 
100 1 |a Fukuyama, Francis